| 000 | 00841nam a22002057a 4500 | ||
|---|---|---|---|
| 005 | 20170123164201.0 | ||
| 010 | _aA-509718 | ||
| 020 | _c75.00 | ||
| 035 | _aA-509718 | ||
| 040 |
_aDPL _bPN |
||
| 082 |
_a260 _bਨੇਕੀਜ |
||
| 100 |
_aਨੇਕੀ, ਜਸਵੰਤ ਸਿੰਘ _9133856 |
||
| 245 |
_aਅਰਦਾਸ : _cਜਸਵੰਤ ਸਿੰਘ _bਦਰਸ਼ਨ, ਰੂਪ ਤੇ ਅਭਿਆਸ / |
||
| 246 |
_aArdas : darshan, rup te abhiaan / _bby Jaswant Singh Neki |
||
| 260 |
_aਅੰਮ੍ਰਿਤਸਰ _bਸਿੰਘ ਬ੍ਰਦਰਜ਼ _c1989 |
||
| 270 |
_bਅੰਮ੍ਰਿਤਸਰ _aਮਾਈ ਸੇਵਾਂ |
||
| 300 |
_a357p. _b23cm(Hb) |
||
| 650 |
_aਪੰਜਾਬੀ ਸਾਹਿਤ _vਪੰਜਾਬੀ ਸਾਹਿਤ-ਜੀਵਨੀ _93695 |
||
| 942 |
_2ddc _cPN _h260 _mਨੇਕੀਜ |
||
| 999 |
_c111057 _d111057 |
||